Dispute Prevention and Resolution Service (Record no. 119801)

MARC details
000 -LEADER
fixed length control field 00926cam a2200181 4500
001 - CONTROL NUMBER
control field WS111021
008 - FIXED-LENGTH DATA ELEMENTS--GENERAL INFORMATION
fixed length control field 000000n 000 0 eng u
035 ## - SYSTEM CONTROL NUMBER
System control number (Sirsi) u111021
245 ## - TITLE STATEMENT
Title Dispute Prevention and Resolution Service
520 ## - SUMMARY, ETC.
Summary, etc. Site for this division of the Department of Justice, Canada, which was set up in response to the growing interest in and demand for alternate forms of dispute resolution. Includes the Directory of Dispute Resolution Neutrals, a guide to resolving disputes and the departments policy on dispute resolution.
650 ## - SUBJECT ADDED ENTRY--TOPICAL TERM
Topical term or geographic name entry element CANADA
650 ## - SUBJECT ADDED ENTRY--TOPICAL TERM
Topical term or geographic name entry element INTERNATIONAL
650 ## - SUBJECT ADDED ENTRY--TOPICAL TERM
Topical term or geographic name entry element MANAGEMENT-DISPUTE AVOIDANCE, MANAGEMENT AND RESOLUTION-DISPUTE MANAGEMENT AND RESOLUTION-ARBITRATION
650 ## - SUBJECT ADDED ENTRY--TOPICAL TERM
Topical term or geographic name entry element GOVERNMENT
690 ## - LOCAL SUBJECT ADDED ENTRY--TOPICAL TERM (OCLC, RLIN)
Topical term or geographic name as entry element Dispute resolution
9 (RLIN) 6236
856 40 - ELECTRONIC LOCATION AND ACCESS
Uniform Resource Identifier <a href="https://canada.justice.gc.ca/eng/pi/dprs-sprd/index.html">https://canada.justice.gc.ca/eng/pi/dprs-sprd/index.html</a>
Public note View the website free of charge at canada.justice.gc.ca
942 ## - ADDED ENTRY ELEMENTS (KOHA)
Suppress in OPAC 0
Holdings
Withdrawn status Lost status Source of classification or shelving scheme Damaged status Not for loan Home library Current library Shelving location Date acquired Total Checkouts Full call number Barcode Date last seen Copy number Price effective from Koha item type
    Dewey Decimal Classification     Virtual Virtual Online 20/02/2001   WEB SITE 111021-2001 06/08/2019 1 06/08/2019 Online material